LEADER 01114nam0-22003371i-450- 001 990007148930403321 005 20140326145543.0 010 $a88-8114-345-3 035 $a000714893 035 $aFED01000714893 035 $a(Aleph)000714893FED01 035 $a000714893 100 $a20021021d1997----km-y0itay50------ba 101 0 $aita 102 $aIT 105 $ay---n---101yy 200 1 $aRegioni e difesa dei diritti delle persone$eatti del 7. convegno nazionale di studi regionali, Consiglio regionale della Liguria , 17-18 febbraio 1995$fA. Pizzorusso ... [et al.] 210 $aNapoli$cEdizioni Scientifiche Italiane$d1997 215 $a272 p.$d243 cm 676 $a353.9$v20$zita 702 1$aPizzorusso,$bAlessandro$f<1931- > 710 12$aConvegno nazionale di studi regionali$d<7. ;$f1995 ;$eGenova>$0423980 801 0$aIT$bUNINA$gRICA$2UNIMARC 901 $aBK 912 $a990007148930403321 952 $aXIII A 32$b2847$fDDCIC 952 $aVI G 898$b5411$fDDA 959 $aDDCIC 959 $aDDA 996 $aRegioni e difesa dei diritti delle persone$9690594 997 $aUNINA LEADER 01721oam 2200493 450 001 9910715309103321 005 20210311102639.0 035 $a(CKB)5470000002510948 035 $a(OCoLC)1086381047$z(OCoLC)974647329 035 $a(OCoLC)995470000002510948 035 $a(EXLCZ)995470000002510948 100 $a20190220d1991 ua 0 101 0 $aeng 135 $aurbn||||||||| 181 $ctxt$2rdacontent 182 $cc$2rdamedia 183 $acr$2rdacarrier 200 13$aAn axisymmetric finite-difference flow model to simulate drawdown in and around a pumped well /$fby A.T. Rutledge 210 1$aLawrence, Kansas :$cU.S. Geological Survey,$d1991. 215 $a1 online resource (vi, 33 pages) $cillustrations 225 1 $aWater-resources investigations report ;$v90-4098 320 $aIncludes bibliographical references (pages 23-24). 606 $aGroundwater flow$xMathematical models 606 $aAxial flow$xMathematical models 606 $aFinite differences 606 $aFinite differences$2fast 606 $aGroundwater flow$xMathematical models$2fast 615 0$aGroundwater flow$xMathematical models. 615 0$aAxial flow$xMathematical models. 615 0$aFinite differences. 615 7$aFinite differences. 615 7$aGroundwater flow$xMathematical models. 700 $aRutledge$b A. T.$01381558 712 02$aGeological Survey (U.S.), 801 0$bOCLCE 801 1$bOCLCE 801 2$bCOP 801 2$bOCLCF 801 2$bOCLCQ 801 2$bGPO 906 $aBOOK 912 $a9910715309103321 996 $aAn axisymmetric finite-difference flow model to simulate drawdown in and around a pumped well$93524552 997 $aUNINA